000 01030ata a2200337 4500
005 20250821151325.0
008 150521b2007 xxu||||| |||| 00| 0 spa d
020 _a9789508022660
041 _aESP
082 _a362.88 D367a
100 _aDell' Anno, Amelia
_930957
100 _aErcilia Galán, Silvia
_930958
245 _aAbuso sexual, victimología y sociedad: una aproximación desde el Ministerio Público Fiscal de la provincia de Buenos Aires
260 _aArgentina
260 _bEspacio
260 _c2007
300 _a220 páginas
490 _aInvestigación Criminal
650 _aVICTIMOLOGÍA
650 _aABUSO SEXUAL
650 _aASISTENCIA A LA VÍCTIMA
650 _aCENTRO DE ASISTENCIA DE LA VÍCTIMA
650 _aATENCIÓN A LAS VÍCTIMAS
650 _aASPECTOS PSICOSOCIALES
650 _aTRABAJO SOCIAL
650 _aPSICOLOGÍA DE LA VÍCTIMA
650 _aANÁLISIS DE ADN
650 _aADOLESCENCIA Y SEXUALIDAD
650 _aPERFIL DE LAS VÍCTIMAS
942 _cBK
_2ddc
999 _c5904
_d5904